000 00440nam a2200181Ia 4500
008 230524s9999 xx 000 0 und d
020 _a00746338674
082 _a621.3821
_bSAL
100 _aS.Salivahanam
245 0 _aElectronic Devices and Circuits
250 _a12TH
260 _aNEW DELHI
_bTMH
_c2003
300 _aXVI;705
500 _aQuantity Number: 10
650 _aElectronics
700 _a N.Suresh Kumar
942 _cBK
999 _c9875
_d9875